00623cam a2200181Ia 450000100090000000300060000900500170001500800410003204000130007305000120008610000160009824500680011426000580018226500680024030000210030850400510032963000610038018517202AUA.120180329162046.0880922s1984 cau b 001 0 eng d aEXNcEXN aBKLT 231 aWalters, J.12aA door of hope for Laodicea :bno. 2 /ccompiled by J. Walters. aCalimesa, Calif. :bS.D.A. Layman's Movement,cc1984. aS.D.A. Layman's Movement, P.O. Box 823, Calimesa, Calif. 92320. a114 p. ;c17 cm. aIncludes bibliographical references and index.00aBible.pRevelation 14:1xCriticism, interpretation, etc.